| LEADER | 00825cam a2200229 a 4500 | ||
|---|---|---|---|
| 001 | u764249 | ||
| 003 | SIRSI | ||
| 005 | 200901141121 | ||
| 008 | 090114s2008 my t 000 0 eng m | ||
| 040 | |a UMM | ||
| 090 | |a QD3 |b UM 2008 Nadar | ||
| 100 | 0 | |a Nadia Abdul Rashid. | |
| 245 | 1 | 0 | |a Chemical constituents of Actinodaphne macrophylla (BL.) Nees / |c Nadia binti Abdul Rashid. |
| 260 | |c 2008. | ||
| 300 | |a xiii, 154, [4] leaves : |b ill. ; |c 30 cm. | ||
| 502 | |a Dissertation (M.Sc.) -- Jabatan Kimia, Fakulti Sains, Universiti Malaya, 2008. | ||
| 504 | |a Bibliography: leaves 149-154. | ||
| 650 | 0 | |a Lauraceae |x Analysis. | |
| 710 | 2 | |a Universiti Malaya. |b Jabatan Kimia. | |
| 900 | |a NAR-ZA | ||
| 596 | |a 1 | ||
| 999 | |a QD3 UM 2008 NADAR |w LC |c 1 |i A513444956 |d 20/3/2014 |e 20/3/2014 |f 7/10/2009 |g 1 |l STACKS |m P01UTAMA |n 3 |r Y |s Y |t TESIS |u 1/10/2009 | ||
